Aktuálna normotvorba súvisiaca s výstvabou diaľnic na Slovensku prostredníctvom PPP projektov
Vláda SR schválila zámer vytvoriť podmienky na urýchlenie výstavby vybraných úsekov diaľnice D 1 a rýchlostnej cesty R 1 s využitím PPP projektov. Od 1.1.2008 je v účinnosti zákon č. 669/2007 Z.z. o jednorazových opatreniach v prípade niektorých stavieb diaľnic a ciest pre motorové vozidlá, ktorý m...
Salvato in:
| Autore principale: | |
|---|---|
| Natura: | Capitolo di libro |
| Lingua: | slovacco |
| Soggetti: | |
| Tags: |
Nessun Tag, puoi essere il primo ad aggiungerne!!
|
MARC
| LEADER | 00000naa$a2200000$$$4500 | ||
|---|---|---|---|
| 001 | 0092686 | ||
| 005 | 20240502083235.7 | ||
| 041 | 0 | |a slo | |
| 044 | |a CZ | ||
| 245 | 1 | 0 | |a Aktuálna normotvorba súvisiaca s výstvabou diaľnic na Slovensku prostredníctvom PPP projektov |c Dušan Holub |
| 520 | |a Vláda SR schválila zámer vytvoriť podmienky na urýchlenie výstavby vybraných úsekov diaľnice D 1 a rýchlostnej cesty R 1 s využitím PPP projektov. Od 1.1.2008 je v účinnosti zákon č. 669/2007 Z.z. o jednorazových opatreniach v prípade niektorých stavieb diaľnic a ciest pre motorové vozidlá, ktorý má umožniť urýchlenie výstavby diaľnice D 1 a rýchlostnej cesty R 1. Možnosť začať stavbu diaľnice na súkromnom pozemku bez toho, aby došlo k riadnemu vyvlastneniu a bez toho, aby mal vlastník možnosť brániť sa uskutočňovanej stavbe je sporná, čo sa týka jej súladu s ústavne zaručenou ochranou vlastníckeho práva. | ||
| 610 | 2 | 0 | |a diaľnice |
| 610 | 2 | 0 | |a projekty stavebné |
| 610 | 2 | 0 | |a partnerstvo verejno-súkromné |
| 610 | 2 | 0 | |a legislatíva |
| 610 | 2 | 0 | |a predpisy právne |
| 610 | 2 | 0 | |a pozemky |
| 610 | 2 | 0 | |a právo vlastnícke |
| 610 | 2 | 0 | |a tender |
| 610 | 2 | 0 | |a financie verejné |
| 100 | 1 | |a Holub, Dušan | |